000
00316nam a22001457a 4500
008
210507b ||||| |||| 00| 0 eng d
020
_a
2900451528819
041
_a
eng
080
_a
32
082
_a
32
100
_a
19
101
_a
SHP
245
_a
The Federalist Papers
_c
Charles R. Kesler
942
_2
udc
_c
BK
999
_c
57128
_d
57128